Billy Joel Lyrics Quiz (Part 99) - Statistics

General Stats
  • This quiz has been taken 30 times
    27 since last reset
  • The average score is 101 of 181
Answer Stats
Answer % Correct
a
89%
I
89%
the
89%
you
89%
You
89%
my
83%
in
78%
to
78%
your
78%
all
72%
can
72%
is
72%
It
72%
love,
72%
love
72%
me
72%
You’re
72%
you’re
72%
You're
72%
And
67%
and
67%
for
67%
have
67%
of
67%
see
67%
that
67%
When
67%
be
61%
But
61%
by
61%
I’ll
61%
Well,
61%
always
56%
into
56%
just
56%
life
56%
we’re
56%
will
56%
as
50%
‘Cause
50%
’cause
50%
down
50%
eyes
50%
home
50%
Home
50%
If
50%
look
50%
say
50%
get
44%
had
44%
need
44%
never
44%
side
44%
There’s
44%
up
44%
alone
39%
around
39%
could
39%
feel
39%
good
39%
head
39%
house
39%
place
39%
soul
39%
that’s
39%
alright
33%
another
33%
comes
33%
everything
33%
keep
33%
Long
33%
night
33%
tell
33%
together
33%
touch
33%
warm
33%
above
28%
bed
28%
begin
28%
body
28%
California
28%
call
28%
castle,
28%
crazy
28%
dome
28%
gypsy
28%
hills
28%
own
28%
pleasure
28%
stranger
28%
surprise
28%
throughout
28%
very
28%
Wherever
28%
word
28%
dew
22%
early
22%
grow
22%
High
22%
instant
22%
morning
22%
Pennsylvania
22%
roof
22%
roots
22%
settle
22%
stop
22%
Turnpike
22%
use
22%
walls
22%
weary
22%
withered
22%
cabin
17%
travel
17%
Indiana's
11%
No matching quizzes found
Score Distribution
Percent of People with Each Score
Percentile by Number Answered
Your Score History
You have not taken this quiz since the last reset